From coffee to tea cultivation in Ceylon, 1880-1900 (Record no. 130223)
[ view plain ]
| 000 -LEADER | |
|---|---|
| fixed length control field | 01662nam a2200397 a 4500 |
| 100 1# - MAIN ENTRY--AUTHOR NAME | |
| Personal name | Wenzlhuemer, Roland. |
| 245 10 - TITLE STATEMENT | |
| Title | From coffee to tea cultivation in Ceylon, 1880-1900 |
| 260 ## - PUBLICATION, DISTRIBUTION, ETC. (IMPRINT) | |
| Place of publication | Leiden ; |
| -- | Boston, Mass. : |
| Name of publisher | Brill, |
| Year of publication | 2008. |
| 300 ## - PHYSICAL DESCRIPTION | |
| Number of Pages | xxii, 336 p. : |
| Other physical details | ill., maps. |
| 490 1# - SERIES STATEMENT | |
| Series statement | Brill's Indological library, |
| 650 #0 - SUBJECT ADDED ENTRY--TOPICAL TERM | |
| Topical Term | Coffee industry |
| Topical Term | Tea trade |
| Topical Term | Agriculture |
| 856 40 - ELECTRONIC LOCATION AND ACCESS | |
| Uniform Resource Identifier | http://site.ebrary.com/lib/rucke/Doc?id=10461322 |
No items available.
